[Event "Warsaw YMCA Winter-A 297th"]
[Site "Warsaw"]
[Date "2025.03.07"]
[Round "9"]
[White "Sucharski, Jakub"]
[Black "Pietrzak, Wojciech"]
[Result "0-1"]
[WhiteElo "1736"]
[BlackElo "1818"]
[PlyCount "74"]
[EventDate "2025.01.09"]
[EventType "tourn"]
[EventRounds "11"]
[EventCountry "POL"]
[SourceTitle "CB14_2025"]
[SourceDate "2024.11.01"]
[SourceVersion "1"]
[SourceVersionDate "2024.11.01"]
[SourceQuality "1"]

1. e4 e6 2. d4 d5 3. Nd2 dxe4 4. Nxe4 Bd7 5. Nf3 Bc6 6. Bd3 Nd7 7. 0-0 Ngf6 8. Ng3 Be7 9. Ne5 Nxe5 10. dxe5 Qd5 11. f3 Qxe5 12. Re1 Bc5+ 13. Kh1 Qd6 14. Nf5 Qf8 15. Bc4 Bd7 16. Qe2 0-0-0 17. Ne3 h5 18. Bd2 h4 19. b4 Nh5 20. Qf2 Bb6 21. a4 a6 22. a5 Ba7 23. Reb1 Ng3+ 24. Kg1 Nf5 25. Rb3 Nd4 26. Rb2 Bc6 27. Bd3 f5 28. Kf1 h3 29. Be2 f4 30. Nc4 Nb5 31. Nb6+ Bxb6 32. axb6 Rxd2 33. Ke1 Qd6 34. bxc7 hxg2 35. Qxg2 Nc3 36. Rxa6 Rd1+ 37. Kf2 Qd4# 0-1

[Event "Warsaw YMCA Winter-A 297th"]
[Site "Warsaw"]
[Date "2025.01.16"]
[Round "2"]
[White "Jaroszuk, Marcin"]
[Black "Pietrzak, Wojciech"]
[Result "1/2-1/2"]
[WhiteElo "1733"]
[BlackElo "1818"]
[PlyCount "106"]
[EventDate "2025.01.09"]
[EventType "tourn"]
[EventRounds "11"]
[EventCountry "POL"]
[SourceTitle "CB14_2025"]
[SourceDate "2024.11.01"]
[SourceVersion "1"]
[SourceVersionDate "2024.11.01"]
[SourceQuality "1"]

1. Nf3 d5 2. g3 Nf6 3. Bg2 e6 4. 0-0 Bd6 5. d4 0-0 6. c4 h6 7. Nc3 Nc6 8. cxd5 exd5 9. Nb5 Re8 10. Nxd6 Qxd6 11. b3 Bf5 12. Bf4 Qe7 13. Ne5 Nb4 14. Qc1 g5 15. Bxg5 hxg5 16. Qxg5+ Bg6 17. a3 Nc6 18. Nxg6 fxg6 19. Qxg6+ Qg7 20. Qxg7+ Kxg7 21. e3 Rad8 22. Rac1 Re7 23. b4 a6 24. Rc2 Na7 25. a4 Nc8 26. Rfc1 Ne8 27. Rc5 Red7 28. Bf1 Rf7 29. Bg2 Ne7 30. b5 a5 31. R1c2 Kf6 32. Bh3 Nf5 33. Rc1 Rh7 34. Bg4 Rg7 35. Bxf5 Kxf5 36. f3 Ke6 37. R5c2 Rdd7 38. Kg2 Nf6 39. g4 Kd6 40. h4 Rde7 41. Rc3 Nxg4 42. fxg4 Rxg4+ 43. Kf3 Rxh4 44. Rg1 Rf7+ 45. Ke2 Rh2+ 46. Kd3 Rff2 47. Rg6+ Kd7 48. Rg7+ Ke6 49. Rcxc7 Rd2+ 50. Kc3 Rc2+ 51. Kb3 Rb2+ 52. Kc3 Rbc2+ 53. Kb3 Rb2+ 1/2-1/2

[Event "Warsaw Maciei Memorial Blitz"]
[Site "Warsaw"]
[Date "2024.07.08"]
[Round "11"]
[White "Sanz Losada, Victoriano"]
[Black "Pietrzak, Wojciech"]
[Result "1-0"]
[WhiteElo "2002"]
[BlackElo "1861"]
[PlyCount "57"]
[EventDate "2024.07.08"]
[EventType "swiss (blitz)"]
[EventRounds "11"]
[EventCountry "POL"]
[SourceTitle "CBM 221 Extra"]
[Source "ChessBase"]
[SourceDate "2024.09.30"]
[SourceVersion "1"]
[SourceVersionDate "2024.09.30"]
[SourceQuality "1"]

1. d4 d5 2. c4 dxc4 3. Nf3 Nf6 4. e3 Bf5 5. Bxc4 e6 6. Nc3 c6 7. 0-0 Be7 8. h3 h6 9. Qe2 0-0 10. e4 Bh7 11. Bf4 Nbd7 12. Rad1 b5 13. Bd3 Qa5 14. a3 c5 15. Bxb5 cxd4 16. Nxd4 Rfe8 17. e5 Nd5 18. Nxd5 exd5 19. Bxd7 Red8 20. Bf5 g6 21. Bb1 Rac8 22. Bxh6 Rc4 23. e6 f6 24. Ba2 Rc7 25. Bf4 Rb7 26. Nc6 Qc5 27. Nxd8 Bxd8 28. Rxd5 Qe7 29. Rxd8+ 1-0

[Event "Warsaw YMCA Spring-B 287th"]
[Site "Warsaw"]
[Date "2024.06.13"]
[Round "10"]
[White "Pietrzak, Wojciech"]
[Black "Kwiecinski, Rafal"]
[Result "1-0"]
[WhiteElo "1856"]
[BlackElo "1759"]
[PlyCount "79"]
[EventDate "2024.04.11"]
[EventType "tourn"]
[EventRounds "11"]
[EventCountry "POL"]
[SourceTitle "EXT 2025"]
[Source "ChessBase"]
[SourceDate "2024.10.14"]
[SourceVersion "1"]
[SourceVersionDate "2024.10.14"]
[SourceQuality "1"]

1. e4 e6 2. c4 c5 3. Nf3 Nc6 4. d4 cxd4 5. Nxd4 d6 6. Be2 Be7 7. 0-0 Nf6 8. Nc3 0-0 9. Nc2 b6 10. f4 g6 11. Be3 Rb8 12. Qd2 a6 13. a4 Qc7 14. g4 Bb7 15. g5 Nd7 16. b4 Nd8 17. f5 gxf5 18. exf5 Ne5 19. f6 Bxf6 20. gxf6 Qc6 21. Kf2 Qg2+ 22. Ke1 Qxh2 23. Bh6 Ndc6 24. Qf4 Qh3 25. Rg1+ Ng6 26. Rg3 e5 27. Rxh3 exf4 28. Bxf8 Rxf8 29. Nd5 Re8 30. Kd2 Nce5 31. Rg1 f3 32. Bxf3 Nxc4+ 33. Kc3 Bxd5 34. Bxd5 Nce5 35. Nd4 Rc8+ 36. Kb3 a5 37. Nf5 Kh8 38. Ne7 Rc7 39. Rxh7+ Kxh7 40. Rh1+ 1-0

[Event "Warsaw YMCA Spring-B 287th"]
[Site "Warsaw"]
[Date "2024.06.04"]
[Round "9"]
[White "Sypula, Krzysztof"]
[Black "Pietrzak, Wojciech"]
[Result "1/2-1/2"]
[WhiteElo "1758"]
[BlackElo "1856"]
[PlyCount "61"]
[EventDate "2024.04.11"]
[EventType "tourn"]
[EventRounds "11"]
[EventCountry "POL"]
[SourceTitle "EXT 2025"]
[Source "ChessBase"]
[SourceDate "2024.10.14"]
[SourceVersion "1"]
[SourceVersionDate "2024.10.14"]
[SourceQuality "1"]

1. c4 e5 2. Nc3 Bb4 3. Qb3 Bxc3 4. Qxc3 Nc6 5. e3 d6 6. Be2 Nge7 7. d3 Ng6 8. Nf3 Bd7 9. b4 Qe7 10. Bb2 f6 11. b5 Nd8 12. a4 Ne6 13. Qc2 0-0 14. 0-0 Rae8 15. Rfe1 f5 16. Bf1 Ng5 17. Nxg5 Qxg5 18. d4 Nh4 19. Kh1 Rf6 20. f3 Rh6 21. dxe5 dxe5 22. Qf2 Ng6 23. Rad1 Be6 24. g3 Qe7 25. f4 Qb4 26. Qc2 exf4 27. Bc3 Qc5 28. Bd4 Qb4 29. Bc3 Qc5 30. Bd4 Qb4 31. Bc3 1/2-1/2

[Event "Warsaw YMCA Winter-A 282nd"]
[Site "Warsaw"]
[Date "2024.03.19"]
[Round "11"]
[White "Pietrzak, Wojciech"]
[Black "Lewandrowski, Tomasz"]
[Result "0-1"]
[WhiteElo "1754"]
[BlackElo "1822"]
[PlyCount "80"]
[EventDate "2024.01.12"]
[EventType "tourn"]
[EventRounds "11"]
[EventCountry "POL"]
[SourceTitle "EXT 2025"]
[Source "ChessBase"]
[SourceDate "2024.10.14"]
[SourceVersion "1"]
[SourceVersionDate "2024.10.14"]
[SourceQuality "1"]

1. e4 c5 2. c3 e6 3. d4 d5 4. e5 Nc6 5. Nf3 Bd7 6. Bd3 cxd4 7. cxd4 Qb6 8. 0-0 Nxd4 9. Nxd4 Qxd4 10. Nc3 a6 11. Be3 Qxe5 12. Re1 Nf6 13. f4 Qd6 14. Bd4 Be7 15. Re5 h5 16. Rc1 Rc8 17. a3 Ng4 18. Rxh5 Rxh5 19. Qxg4 Rh4 20. Qg3 Qxf4 21. Qxf4 Rxf4 22. Bxg7 d4 23. Be5 Rg4 24. Be2 Re4 25. Nxe4 Rxc1+ 26. Kf2 f5 27. Ng3 Bc5 28. Bd3 Bc6 29. Ne2 Rd1 30. Nf4 Rd2+ 31. Kg3 Rxb2 32. h4 Bf8 33. h5 Bh6 34. Nxe6 Rb3 35. Nc5 Rxa3 36. Kh4 b6 37. Bxf5 bxc5 38. g4 d3 39. g5 Ra4+ 40. Bg4 d2 0-1

[Event "Warsaw YMCA Winter-A 282nd"]
[Site "Warsaw"]
[Date "2024.02.02"]
[Round "7"]
[White "Pietrzak, Wojciech"]
[Black "Kowalski, Witold"]
[Result "1-0"]
[WhiteElo "1754"]
[BlackElo "1667"]
[PlyCount "63"]
[EventDate "2024.01.12"]
[EventType "tourn"]
[EventRounds "11"]
[EventCountry "POL"]
[SourceTitle "EXT 2025"]
[Source "ChessBase"]
[SourceDate "2024.10.14"]
[SourceVersion "1"]
[SourceVersionDate "2024.10.14"]
[SourceQuality "1"]

1. e4 c5 2. c3 d5 3. exd5 Qxd5 4. d4 cxd4 5. cxd4 Nc6 6. Be3 e6 7. Nf3 Nf6 8. a3 a6 9. Nc3 Qd6 10. Qd2 Be7 11. Be2 b5 12. Rc1 Bb7 13. Bf4 Qd8 14. 0-0 0-0 15. b4 Nd5 16. Rfd1 Rc8 17. Ne4 Nxd4 18. Nxd4 Nxf4 19. Qxf4 Rxc1 20. Qxc1 Bxe4 21. Nxe6 fxe6 22. Rxd8 Bxd8 23. Bf3 Bf5 24. Qc6 a5 25. bxa5 Bxa5 26. Qxb5 Bc7 27. Qc6 Bf4 28. g3 Bd2 29. g4 Bg6 30. Qxe6+ Kh8 31. Qd6 Rxf3 32. Qd8+ 1-0

[Event "Warsaw YMCA Autumn-A 278th"]
[Site "Warsaw"]
[Date "2023.10.12"]
[Round "4"]
[White "Mazurek, Jerzy"]
[Black "Pietrzak, Wojciech"]
[Result "1/2-1/2"]
[WhiteElo "1746"]
[BlackElo "1717"]
[PlyCount "57"]
[EventDate "2023.09.22"]
[EventType "tourn"]
[EventRounds "13"]
[EventCountry "POL"]
[SourceTitle "EXT 2025"]
[Source "ChessBase"]
[SourceDate "2024.10.14"]
[SourceVersion "1"]
[SourceVersionDate "2024.10.14"]
[SourceQuality "1"]

1. e4 e5 2. Nf3 Nc6 3. Bb5 a6 4. Ba4 Nf6 5. 0-0 b5 6. Bb3 Bc5 7. a4 Bb7 8. c3 0-0 9. d4 Bb6 10. Bg5 h6 11. Bxf6 Qxf6 12. Bd5 exd4 13. cxd4 Rab8 14. e5 Qf4 15. axb5 axb5 16. Bxc6 dxc6 17. Qd2 Qxd2 18. Nbxd2 c5 19. dxc5 Bxc5 20. Rfc1 Bb6 21. Nb3 Bxf3 22. gxf3 Rfe8 23. Nc5 Rxe5 24. Nd7 Rg5+ 25. Kf1 Re8 26. Nxb6 cxb6 27. Rc6 Rg6 28. Rxg6 fxg6 29. Rd1 1/2-1/2

[Event "Krakow Malopolski op"]
[Site "Krakow"]
[Date "2022.06.16"]
[Round "2"]
[White "Pietrzak, Wojciech"]
[Black "Koziej, Maciej"]
[Result "0-1"]
[WhiteElo "1773"]
[BlackElo "1953"]
[PlyCount "90"]
[EventDate "2022.06.16"]
[EventType "swiss"]
[EventRounds "7"]
[EventCountry "POL"]
[SourceTitle "EXT 2023"]
[Source "ChessBase"]
[SourceDate "2022.10.05"]
[SourceVersion "1"]
[SourceVersionDate "2022.10.05"]
[SourceQuality "1"]

1. d4 Nf6 2. Bg5 c6 3. Nd2 d5 4. e3 Bf5 5. Ngf3 Qb6 6. Nh4 Be6 7. Bxf6 exf6 8. Bd3 Qxb2 9. 0-0 Nd7 10. Qe2 Qa3 11. f4 Nb6 12. Rab1 Be7 13. Rb3 Qd6 14. f5 Bd7 15. c4 dxc4 16. Bxc4 Nxc4 17. Nxc4 Qd5 18. Rxb7 c5 19. Rb3 g5 20. fxg6 hxg6 21. Nf3 Qh5 22. Qb2 0-0 23. Rb7 Rfd8 24. Ncd2 cxd4 25. exd4 Qd5 26. Re1 Bf8 27. Ne4 Bg7 28. Nc3 Qf5 29. d5 Qd3 30. Qb3 f5 31. Ne2 Qa6 32. Nf4 Ba4 33. Qb1 Bh6 34. Ne6 fxe6 35. Rxe6 Qxe6 36. dxe6 Rd1+ 37. Qxd1 Bxd1 38. Ne5 Re8 39. e7 Bg5 40. Nxg6 Bh5 41. Ne5 Rxe7 42. Rb8+ Kg7 43. Nc6 Rc7 44. Nb4 Be3+ 45. Kf1 Rc1# 0-1

[Event "Warsaw-chA 67th"]
[Site "Warsaw"]
[Date "2018.11.15"]
[Round "4"]
[White "Pietrzak, Wojciech"]
[Black "Dwilewicz, Katarzyna"]
[Result "1/2-1/2"]
[WhiteElo "1802"]
[BlackElo "2070"]
[PlyCount "81"]
[EventDate "2018.11.12"]
[EventType "swiss"]
[EventRounds "9"]
[EventCountry "POL"]
[SourceTitle "CBM 187 Extra"]
[Source "ChessBase"]
[SourceDate "2018.11.04"]
[SourceVersion "1"]
[SourceVersionDate "2018.11.04"]
[SourceQuality "1"]

1. e4 c5 2. Nf3 e6 3. c3 d5 4. exd5 exd5 5. d4 Nf6 6. Bd3 Be7 7. 0-0 0-0 8. h3 Nc6 9. Be3 b6 10. Re1 h6 11. Nbd2 Bd6 12. a3 Re8 13. Bb5 Bd7 14. dxc5 bxc5 15. b4 d4 16. Nc4 dxe3 17. Nxd6 exf2+ 18. Kxf2 Rxe1 19. Qxe1 cxb4 20. axb4 Nxb4 21. cxb4 Qb6+ 22. Qe3 Qxd6 23. Ra6 Qxb4 24. Bxd7 Nxd7 25. Rxa7 Qb2+ 26. Kg1 Rxa7 27. Qxa7 Qb6+ 28. Qxb6 Nxb6 29. g4 Kf8 30. Kg2 Ke7 31. Nd4 g6 32. Kf3 Kf6 33. Ke4 Nc4 34. h4 Ne5 35. g5+ hxg5 36. hxg5+ Kxg5 37. Kxe5 f5 38. Ne6+ Kg4 39. Kf6 f4 40. Nxf4 Kxf4 41. Kxg6 1/2-1/2

[Event "Warsaw-chA 67th"]
[Site "Warsaw"]
[Date "2018.11.14"]
[Round "3"]
[White "Misiuk, Andrzej"]
[Black "Pietrzak, Wojciech"]
[Result "1-0"]
[WhiteElo "2215"]
[BlackElo "1802"]
[PlyCount "24"]
[EventDate "2018.11.12"]
[EventType "swiss"]
[EventRounds "9"]
[EventCountry "POL"]
[SourceTitle "CBM 187 Extra"]
[Source "ChessBase"]
[SourceDate "2018.11.04"]
[SourceVersion "1"]
[SourceVersionDate "2018.11.04"]
[SourceQuality "1"]

1. c4 Nf6 2. Nc3 e6 3. g3 d5 4. cxd5 exd5 5. Bg2 c6 6. d4 Be7 7. Nf3 0-0 8. Rf1 Re8 9. e3 c5 10. Qb3 Nc6 11. Ne5 cxd4 12. Nxc6 dxc3 1-0

[Event "Warsaw YMCA Autumn-B 175th"]
[Site "Warsaw"]
[Date "2016.11.08"]
[Round "7"]
[White "Pietrzak, Wojciech"]
[Black "Szukalski, Antoni"]
[Result "1-0"]
[WhiteElo "1881"]
[BlackElo "1741"]
[PlyCount "43"]
[EventDate "2016.09.22"]
[EventType "tourn"]
[EventRounds "13"]
[EventCountry "POL"]
[SourceTitle "EXT 2019"]
[Source "ChessBase"]
[SourceDate "2018.10.10"]
[SourceVersion "1"]
[SourceVersionDate "2018.10.10"]
[SourceQuality "1"]

1. e4 e6 2. d4 d5 3. Nd2 c5 4. e5 Nc6 5. Ngf3 cxd4 6. Nb3 Bb4+ 7. Bd2 Qb6 8. a3 Bxd2+ 9. Qxd2 Nge7 10. Bd3 Ng6 11. Qe2 Nf4 12. Qd2 Nxd3+ 13. Qxd3 Bd7 14. 0-0 Rc8 15. Nbxd4 Nxd4 16. Nxd4 Rc4 17. Rfd1 0-0 18. b3 Rc7 19. Rac1 Qc5 20. c4 Qxa3 21. Nc2 dxc4 22. Nxa3 1-0

[Event "Warsaw YMCA Autumn-B 175th"]
[Site "Warsaw"]
[Date "2016.10.21"]
[Round "5"]
[White "Jaskowski, Piotr"]
[Black "Pietrzak, Wojciech"]
[Result "1-0"]
[WhiteElo "1871"]
[BlackElo "1881"]
[PlyCount "45"]
[EventDate "2016.09.22"]
[EventType "tourn"]
[EventRounds "13"]
[EventCountry "POL"]
[SourceTitle "EXT 2019"]
[Source "ChessBase"]
[SourceDate "2018.10.10"]
[SourceVersion "1"]
[SourceVersionDate "2018.10.10"]
[SourceQuality "1"]

1. e4 e6 2. Nf3 d5 3. Nc3 c5 4. exd5 exd5 5. d4 Nc6 6. dxc5 d4 7. Ne4 Bxc5 8. Nxc5 Qa5+ 9. c3 dxc3 10. b4 Nxb4 11. Nd3 Bf5 12. Nxb4 Qxb4 13. Qd4 Qe7+ 14. Be3 c2 15. Bb5+ Kf8 16. 0-0 Nf6 17. Rac1 a6 18. Ba4 Rc8 19. Rfe1 Qa3 20. Bb3 Qa5 21. Bd2 Qc7 22. Bb4+ Kg8 23. Re7 1-0

[Event "Warsaw YMCA Spring-A 167th"]
[Site "Warsaw"]
[Date "2016.05.13"]
[Round "6"]
[White "Praczukowski, Stanislaw"]
[Black "Pietrzak, Wojciech"]
[Result "1-0"]
[WhiteElo "2075"]
[BlackElo "1856"]
[PlyCount "71"]
[EventDate "2016.04.08"]
[EventType "tourn"]
[EventRounds "13"]
[EventCountry "POL"]
[SourceTitle "EXT 2017"]
[Source "ChessBase"]
[SourceDate "2016.10.25"]
[SourceVersion "1"]
[SourceVersionDate "2016.10.25"]
[SourceQuality "1"]

1. e4 e6 2. d4 d5 3. Nd2 Be7 4. e5 c5 5. Qg4 Kf8 6. dxc5 Nd7 7. Ngf3 h5 8. Qf4 Nxc5 9. Nb3 Nh6 10. Nxc5 Bxc5 11. Bd3 Nf5 12. Bxf5 exf5 13. Be3 Be7 14. 0-0 Be6 15. Rfd1 Rc8 16. c3 Rc4 17. Rd4 Qb6 18. Rb1 Qa6 19. a3 b6 20. Rbd1 g6 21. Rxc4 Qxc4 22. Qxc4 dxc4 23. h4 Kg7 24. Bg5 f6 25. exf6+ Bxf6 26. Bxf6+ Kxf6 27. Ng5 Rc8 28. Rd6 Re8 29. f4 Re7 30. Kf2 b5 31. g3 Re8 32. Ke3 Re7 33. Kf3 Re8 34. Ke2 Re7 35. Ke3 Rg7 36. Rxe6# 1-0

[Event "Warsaw YMCA Spring-A 167th"]
[Site "Warsaw"]
[Date "2016.04.22"]
[Round "3"]
[White "Pietrzak, Wojciech"]
[Black "Kokoszczynski, Jan"]
[Result "1-0"]
[WhiteElo "1856"]
[BlackElo "1921"]
[PlyCount "119"]
[EventDate "2016.04.08"]
[EventType "tourn"]
[EventRounds "13"]
[EventCountry "POL"]
[SourceTitle "EXT 2017"]
[Source "ChessBase"]
[SourceDate "2016.10.25"]
[SourceVersion "1"]
[SourceVersionDate "2016.10.25"]
[SourceQuality "1"]

1. e4 c5 2. c3 d5 3. exd5 Qxd5 4. d4 Nf6 5. Nf3 Bg4 6. Qa4+ Bd7 7. Qb3 Qxb3 8. axb3 e6 9. Na3 cxd4 10. Nb5 Bxb5 11. Bxb5+ Nbd7 12. Nxd4 a6 13. 0-0 Bc5 14. Rd1 Rd8 15. Be2 0-0 16. Bg5 h6 17. Bh4 g5 18. Bg3 Ne4 19. Bf3 Bxd4 20. Bxe4 Nc5 21. Bc2 e5 22. b4 Ne6 23. cxd4 Nxd4 24. Bd3 Rfe8 25. f3 Kg7 26. Bf2 f5 27. Bxd4 Rxd4 28. Bxf5 Rxb4 29. Rd7+ Kf6 30. g4 Rxb2 31. Rd6+ Kg7 32. Rc1 Re7 33. Rc8 e4 34. Bxe4 a5 35. Rg6+ Kf7 36. Rcg8 Rd2 37. R8g7+ Kf8 38. Rxe7 Kxe7 39. Rg7+ Kd6 40. Rxb7 Kc5 41. Rc7+ Kb4 42. Rc2 Rd1+ 43. Kf2 a4 44. Ke2 Rd6 45. Rd2 Ra6 46. Rb2+ Kc3 47. Ra2 Ra5 48. Kd1 Kb3 49. Rd2 a3 50. Bd5+ Kc3 51. Ba2 Re5 52. Re2 Rb5 53. Rc2+ Kd4 54. Kd2 Rb6 55. Rc4+ Ke5 56. Re4+ Kf6 57. Kd3 Rb2 58. Re2 Rb6 59. Kc4 Rb8 60. Bb3 1-0